| 000 | 00985nac a22002651u 4500 | ||
|---|---|---|---|
| 010 | _a 98048421 | ||
| 020 | _a0231113927 (cloth : acid-free paper) | ||
| 020 | _a0231113935 (pbk.) | ||
| 035 | _a(DLC) 98048421 | ||
| 082 | 0 | 0 |
_a306.4812 _bGEL |
| 090 |
_c7060 _d7060 |
||
| 100 | _aGelber, Steven M. | ||
| 245 | 1 | 0 |
_aHobbies : _bleisure and the culture of work in America / _cSteven M. Gelber. |
| 260 |
_aNew York : _bColumbia University Press,1999 _cc1999. |
||
| 300 |
_axi, 374 p. : _bill. ; _c24 cm. |
||
| 500 | _adistributer: Al-Ahram | ||
| 504 | _aIncludes bibliographical references and index. | ||
| 511 | _acatalogued by: wessam | ||
| 650 | 0 |
_aHobbies _xSocial aspects _zUnited States. |
|
| 650 | 0 |
_aLeisure _xSocial aspects _zUnited States. |
|
| 650 | 0 |
_aHobbies _zUnited States _xHistory. |
|
| 650 | 0 |
_aIndustries _xSocial aspects _zUnited States _xHistory. |
|
| 650 | 0 |
_aSocial change _zUnited States. |
|
| 942 |
_cBB _k306.4812GEL |
||
| 999 |
_c7060 _d7060 |
||